[Event "Dvorkovich Memorial Rapid 2018"]
[Site "Taganrog"]
[Date "2018.01.13"]
[Round "3.2"]
[White "Sjugirov, Sanan"]
[Black "Hasangatin, Ramil"]
[Result "1-0"]
[WhiteElo "2652"]
[BlackElo "2502"]
[Annotator "TA"]
[PlyCount "80"]
[EventDate "2018.??.??"]
[EventType "swiss"]
[EventCountry "RUS"]
[SourceTitle "playchess.com"]
[Source "ChessBase"]
[SourceQuality "1"]

{[%evp 16,80,98,82,125,120,139,117,121,119,126,117,201,206,212,72,79,79,90,79,69,74,70,44,56,50,61,70,58,58,70,35,111,117,143,141,152,140,153,153,149,147,147,141,153,153,153,153,153,133,153,127,153,124,153,153,211,153,236,153,141,150,178,135,235,135,200]} 1. d4 Nf6 2. c4 c6 3. Nf3 d6 4. Nc3 Bf5 5. Nh4 Bg6 6. g3 {A53: Old Indian Defence without Nf3} e5 7. Bg2 Be7 8. O-O $146 ({Predecessor:} 8. Nxg6 hxg6 9. e3 Na6 10. Rb1 Nc7 11. b4 a6 12. a4 exd4 13. exd4 {0-1 (50) Erdos,V (2454)-Krasenkow,M (2632) Budapest 2004}) 8... Nbd7 9. d5 {LiveBook: 4 Games} c5 10. e4 Bh5 11. Qd3 h6 12. Nf5 Bf8 13. Nb5 Nb6 (13... Qb8 $16) 14. f4 $18 a6 15. Nc3 (15. Nbxd6+ $18 {has better winning chances.} Bxd6 16. fxe5 Bxe5 17. Nxg7+ Kf8 18. Nxh5 Nxh5 19. Rf5 Bd4+ 20. Be3 Bxe3+ 21. Qxe3) 15... Nbd7 $16 16. Bd2 g6 17. Ne3 exf4 18. gxf4 Bg7 19. h3 O-O 20. a4 Qe7 21. Rae1 Rae8 $1 22. Kh1 Qd8 23. Rf2 Re7 ({Black should play} 23... Nh7 $14) 24. Nf1 Rfe8 25. Ng3 Qb8 26. b3 b6 27. Qc2 Qc7 28. Qc1 Kh7 29. Kh2 Qb8 30. Bf1 Qc7 31. Bd3 Kh8 32. Bb1 Qb8 33. Rg1 Qc7 34. Rgg2 Qb8 35. Rf1 {White is clearly better.} Qc7 (35... Kh7 $16 36. Bd3 (36. Nxh5 Nxh5 37. Qd1 Kh8 $14) 36... Kh8) 36. Kh1 Qb8 (36... Qc8 $16 37. Be3 (37. Nxh5 Nxh5 38. Kh2 Qb8 $14) 37... Rd8) 37. Bd3 Qc8 38. Kh2 Qb8 39. Bc2 Qc7 (39... Rg8 $16 40. Bd3 (40. Nxh5 Nxh5 41. Bd1 Bd4 $14) 40... Qe8) 40. Bb1 (40. f5 $18) 40... Qb8 {Precision: White = 52%, Black = 26%.} (40... Kh7 $16) 1-0

[Event "Dvorkovich Memorial Rapid 2018"]
[Site "Taganrog"]
[Date "2018.01.14"]
[Round "3.3"]
[White "Khanin, Semen"]
[Black "Kokarev, Dmitry"]
[Result "1/2-1/2"]
[WhiteElo "2458"]
[BlackElo "2616"]
[Annotator "TA"]
[PlyCount "49"]
[EventDate "2018.??.??"]
[EventType "swiss"]
[EventCountry "RUS"]
[SourceTitle "playchess.com"]
[Source "ChessBase"]
[SourceQuality "1"]

{[%evp 33,49,0,0,0,0,0,0,0,10,18,42,50,52,0,0,0,41,0]} 1. e4 c5 2. Nf3 d6 3. d4 cxd4 4. Nxd4 Nf6 5. Nc3 a6 6. f3 e5 7. Nb3 Be6 8. Be3 Nbd7 9. Qd2 Be7 10. g4 O-O 11. O-O-O b5 12. g5 b4 13. gxf6 {B90: Sicilian Najdorf: Unusual White 6th moves, 6 Be3 Ng4 and 6 Be3 e5} bxc3 14. Qxc3 Nxf6 15. Na5 Qe8 16. Nc6 Rc8 17. Nxe7+ Qxe7 {LiveBook: 66 Games} 18. Qa5 Rc6 19. Kb1 Rfc8 20. Rg1 Nh5 21. Rg2 $146 ({Wrong is} 21. Bxa6 $2 Ra8 $19) 21... Qf6 22. Rf2 Nf4 23. Rfd2 ({White should try} 23. b3 $14) 23... Ng6 $11 24. Rf2 Nf4 25. Rfd2 1/2-1/2

[Event "Dvorkovich Memorial Rapid 2018"]
[Site "Taganrog"]
[Date "2018.01.13"]
[Round "3.4"]
[White "Volkov, Sergey"]
[Black "Belyakov, Bogdan"]
[Result "0-1"]
[WhiteElo "2627"]
[BlackElo "2486"]
[Annotator "TA"]
[PlyCount "75"]
[EventDate "2018.??.??"]
[EventType "swiss"]
[EventCountry "RUS"]
[SourceTitle "playchess.com"]
[Source "ChessBase"]
[SourceQuality "1"]

{[%evp 24,75,46,22,39,27,29,20,33,12,89,83,85,81,79,79,115,104,102,75,66,76,109,30,33,18,107,99,74,78,143,116,253,252,256,256,319,-354,-334,-683,-615,-817,-821,-816,-810,-975,-975,-973,-967,-942,-943,-1185,-1121,-1015]} 1. d4 Nf6 2. c4 g6 3. Nc3 Bg7 4. e4 d6 5. Be2 O-O 6. Nf3 e5 7. Be3 Ng4 8. Bg5 {[%cal Be3g5,Bg5h4,Bh4g3,Bg3h2][%mdl 32]} f6 9. Bh4 g5 10. Bg3 Nh6 11. h3 Nc6 12. d5 {E92: King's Indian: Classical: 6 Be2 e5: 7 dxe5, 7 Be3 and Petrosian System without 7...Nbd7} Ne7 13. Bh2 {[#] LiveBook: 6 Games} a6 $146 ({Predecessor:} 13... g4 14. hxg4 Nxg4 15. Nh4 Nxh2 16. Rxh2 f5 17. Bd3 f4 18. Qf3 Bd7 19. O-O-O Qc8 {0-1 (56) Debashis,D (2484)-Naiditsch,A (2705) Dubai 2014}) 14. Qd2 {White is slightly better.} Bd7 15. a3 Nf7 16. Bd3 b5 (16... Ng6 $11 {remains equal.}) 17. cxb5 $16 axb5 18. Bxb5 Bxb5 19. Nxb5 Qb8 20. Nc3 f5 21. O-O ({But not} 21. Nxg5 $6 Nxg5 22. Qxg5 Qxb2 $11) 21... f4 22. Qe2 h5 23. g4 (23. Nd2 $16) 23... hxg4 24. hxg4 Kh7 (24... c6 $11) 25. b4 Rh8 26. Nd2 Ng6 (26... Bf6 $142) 27. f3 Nh4 (27... Bf6 $16) 28. Rfc1 $18 Kg6 29. Nb5 Qb6+ {[#]} 30. Qf2 $4 {[%mdl 8192]} (30. Kf1 $1 $18) 30... Qxb5 $19 31. Rxc7 $2 (31. Rc3) 31... Rhc8 {Black is clearly winning.} 32. Rc6 Rxc6 33. dxc6 Qxc6 34. Qe2 Qc3 35. Ra2 Rxa3 36. Rxa3 Qxa3 37. b5 Qb2 38. Kf1 {Precision: White = 41%, Black = 45%.} 0-1

[Event "Dvorkovich Memorial Rapid 2018"]
[Site "Taganrog"]
[Date "2018.01.13"]
[Round "3.5"]
[White "Triapishko, Alexandr"]
[Black "Pridorozhni, Aleksei"]
[Result "0-1"]
[WhiteElo "2531"]
[BlackElo "2571"]
[Annotator "TA"]
[PlyCount "76"]
[EventDate "2018.??.??"]
[EventType "swiss"]
[EventCountry "RUS"]
[SourceTitle "playchess.com"]
[Source "ChessBase"]
[SourceQuality "1"]

{[%evp 22,76,81,47,82,77,93,70,71,50,50,-36,15,16,36,0,0,0,0,0,10,19,39,43,60,56,81,91,70,71,90,93,85,68,68,-62,-56,-55,-67,-374,-382,-362,-380,-378,-378,-378,-377,-1034,-615,-606,-602,-29962,-2722,-6270,-1151,-29987,-29988]} 1. e4 c5 2. Nf3 Nc6 3. d4 cxd4 4. Nxd4 Qb6 5. Nb3 Nf6 6. Nc3 e6 7. Qe2 Qc7 {B33: Sicilian: Pelikan and Sveshnikov Variations} 8. g4 {[%cal Bg2g4,Bg4g5][%mdl 32]} (8. f4 Bb4 9. Bd2 Bxc3 10. bxc3 d6 11. g4 b6 12. Bg2 Bb7 13. g5 Nd7 14. h4 Na5 15. Nxa5 bxa5 {1-0 (38) Kramnik,V (2812)-Fressinet,L (2687) Paris 2016}) 8... d6 9. g5 Nd7 10. Be3 a6 11. f4 {[%cal Bf2f4,Bf4f5][%mdl 32]} b5 12. O-O-O {LiveBook: 18 Games} Nb6 13. Qf2 Rb8 {[#]} 14. f5 $146 ({Predecessor:} 14. Kb1 Bd7 15. h4 b4 {0-1 (48) Smeets,J (2631)-Fedorchuk,S (2643) Leiden 2013}) 14... Ne5 15. Bh3 Nbc4 16. Nd4 (16. Ba7 $14) 16... Nxe3 ({Better is} 16... Qc5 $15 17. Nce2 exf5 18. exf5 Be7) 17. Qxe3 $11 {[%cal Rf5e6]} Nc4 18. Qf3 {[%cal Rf5e6]} (18. Qd3 $5 {[%cal Rf5e6]} b4 19. Nce2 $11) 18... b4 $1 {[%cal Rb4c3]} 19. Nce2 {[%cal Rf5e6]} e5 20. Nb3 Be7 21. Rhg1 g6 22. Nd2 $36 {[%mdl 2048] White has good play.} a5 23. f6 {Black must now prevent Nxc4.} Bd8 24. Nxc4 Qxc4 25. Rxd6 Bb6 {[#]} 26. Rgd1 $1 O-O 27. b3 Qc7 28. Bd7 (28. Bxc8 $14 Rbxc8 29. R1d2) 28... Rd8 $1 $15 {[%cal Rd8d7]} 29. Qh3 {Intending Qh6 and mate.} h5 $1 30. Kb1 $2 {[%mdl 8192] [#]} ({White should try} 30. gxh6 $15 Kh7 31. R6d3) 30... Bd4 $1 $19 {[%mdl 512]} 31. R6xd4 (31. Nxd4 Qxd6) 31... exd4 32. Bxc8 Rbxc8 ({Weaker is} 32... Qxc8 33. Qxc8 Rbxc8 34. Nf4 $17) 33. Rd2 {White hopes to continue with Nc1.} Qe5 34. Rxd4 $2 (34. Qh4 Rc5 35. Nc1) 34... Qxg5 35. Rd5 Qxf6 36. Nd4 Rxd5 (36... Rc3 $142 37. Qg2 Rxd5 38. exd5 Qxd4 39. Qf1 Qxd5 40. Qe2 Kg7 41. Kc1 Rh3 42. Qc4 Qe5 43. Qc6 Qa1+ 44. Kd2 Rxh2+ 45. Kd3 Qe5 46. Qf3 Qd6+ 47. Ke3 Qd2+ 48. Ke4 Rh4+ 49. Qg4 f5+ 50. Kf3 hxg4+ 51. Kg3 Rh3#) 37. exd5 Rd8 (37... Rc3 $142 38. Qd7 Qxd4 39. Qe8+ Kg7) 38. Nc6 Rxd5 {Precision: White = 29%, Black = 53%.} 0-1

[Event "Dvorkovich Memorial Rapid 2018"]
[Site "Taganrog"]
[Date "2018.01.13"]
[Round "3.6"]
[White "Bocharov, Dmitry"]
[Black "Matjushin, Gennady"]
[Result "1-0"]
[WhiteElo "2583"]
[BlackElo "2417"]
[Annotator "TA"]
[PlyCount "58"]
[EventDate "2018.??.??"]
[EventType "swiss"]
[EventCountry "RUS"]
[SourceTitle "playchess.com"]
[Source "ChessBase"]
[SourceQuality "1"]

{[%evp 11,58,13,10,-1,0,-8,15,0,7,0,2,0,8,-2,0,-16,7,13,14,12,46,33,39,29,51,39,74,79,70,61,65,64,78,-37,37,33,39,7,29,-58,0,0,12,0,6,11,19,22,240]} 1. c4 c5 2. Nc3 g6 3. g3 Bg7 4. Bg2 Nc6 5. Nf3 d6 6. O-O Bf5 7. h3 {A37: Symmetrical English vs ...g6: 4 Bg2 Bg7 5 Nf3} Nf6 (7... Qc8 8. Kh2 Nf6 9. d3 O-O 10. e4 Bd7 11. Be3 a6 12. Rc1 Rb8 13. Nd5 Qd8 14. b3 e6 {0-1 (31) Svidler,P (2765)-Dubov,D (2683) St Petersburg 2017}) 8. d3 O-O 9. e4 Bd7 10. Be3 e5 11. a3 Ne8 $146 ({Predecessor:} 11... a6 12. Rb1 Rb8 13. b4 b6 14. Qd2 Qc8 15. Kh2 Re8 16. Rb2 Nd4 17. Bxd4 cxd4 {½-½ (26) Pap,K (1747)-Molnar,T (1744) Hungary 2016}) 12. Rb1 a5 13. Nd5 a4 14. b4 axb3 15. Qxb3 Rb8 16. Qb6 $36 {[%mdl 2048] White is pushing.} Qc8 17. Kh2 Kh8 18. Rb3 Nd4 19. Nxd4 cxd4 20. Bg5 f6 21. Bd2 Rf7 22. c5 (22. Rb2 $16) 22... Bc6 (22... Qxc5 $15 23. f4 Kg8) 23. cxd6 $14 {[#] Strongly threatening Ne7.} Qd8 24. Qc5 Nxd6 25. Qc1 (25. f4 $11) 25... Bf8 (25... f5 $1 $15 26. exf5 Rc8) 26. Qb1 {The position is equal.} Rc8 27. Rb2 Bxd5 28. exd5 f5 29. Re1 Re7 $2 {Precision: White = 43%, Black = 30%.} (29... Qf6 $11 {and Black has nothing to worry.}) 1-0

[Event "Dvorkovich Memorial Rapid 2018"]
[Site "Taganrog"]
[Date "2018.01.13"]
[Round "3.7"]
[White "Vastrukhin, Oleg"]
[Black "Paravyan, David"]
[Result "1/2-1/2"]
[WhiteElo "2398"]
[BlackElo "2603"]
[Annotator "TA"]
[PlyCount "127"]
[EventDate "2018.??.??"]
[EventType "swiss"]
[EventCountry "RUS"]
[SourceTitle "playchess.com"]
[Source "ChessBase"]
[SourceQuality "1"]

{[%evp 11,127,-12,10,18,42,50,39,8,21,13,34,6,12,0,0,0,0,0,0,-4,10,-3,-12,-14,-7,-15,-22,-20,-24,-49,-37,-70,-49,-57,-24,-25,0,-23,-13,-10,0,-20,0,-33,-36,-38,9,4,3,0,0,-14,-15,-20,0,0,0,0,0,0,0,0,0,0,14,3,13,12,19,20,27,30,51,36,91,102,125,83,91,56,261,169,191,212,194,178,306,298,389,384,368,256,827,641,626,157,154,158,159,54,77,8,8,8,8,8,8,8,8,8,8,8,8,8,8,8,8,8]} 1. Nf3 Nf6 2. g3 d5 3. Bg2 e6 4. O-O Be7 5. d3 O-O 6. Nbd2 Nc6 7. e4 {A07: Réti Opening: New York and Capablanca Systems} (7. d4 a5 8. c3 b6 9. Re1 Bb7 10. e4 dxe4 11. Nxe4 Nxe4 12. Rxe4 Bf6 13. Re1 Ne7 14. Qc2 Bd5 {1-0 (42) Nakamura,H (2780)-Topalov,V (2749) Saint Louis 2017}) 7... e5 8. exd5 Nxd5 9. Nc4 {White is slightly better.} Bf6 10. Re1 {[%cal Rf3e5]} Re8 $1 11. a4 $146 ({Predecessor:} 11. Nfd2 Be6 12. Ne4 Be7 13. Bd2 {½-½ (37) Andok,C (2094)-Bertrem,S (2228) Belgium 2010}) 11... Bf5 12. Nfd2 Qd7 13. Ne4 Be7 {[%cal Bf6e7,Be7f8,Bf8c5][%mdl 32]} 14. Nc3 Nxc3 15. bxc3 Bg4 16. Bf3 Bxf3 17. Qxf3 Bf8 18. Rb1 b6 19. h4 Re6 20. Rb5 {[%cal Rc4e5]} Rae8 21. Qg4 a6 22. Rb1 Bc5 {Strongly threatening ...Bxf2+!} 23. Be3 Qe7 24. Qg5 f6 25. Qg4 Qf8 26. Qf3 e4 27. Qf5 exd3 28. cxd3 Qf7 29. d4 Bf8 30. Qf3 Nd8 {[%cal Bc6d8,Bd8f7,Bf7e5][%mdl 32]} 31. Nb2 Qd7 32. Qf5 Nf7 (32... g6 {with more complications.} 33. Qf3 a5 34. Nd3 Nf7 35. Ra1 f5) 33. d5 R6e7 34. Qxd7 $1 Rxd7 35. c4 Ne5 {...Nf3+ is the strong threat.} 36. Kg2 Bb4 37. Rec1 Ba3 38. Rc3 Bb4 39. Rc2 Kf7 40. Bd4 Bf8 41. Bxe5 fxe5 42. Nd3 e4 (42... Bd6 $1 $14) 43. Nf4 $36 {[%mdl 2048] White is in control.} Re5 44. a5 bxa5 45. c5 {aiming for Rb7.} h6 $2 ({Black should play} 45... Rd8 $1 $14) 46. h5 Be7 47. Rb7 $1 Bd8 48. Ra7 e3 {[#]} (48... Rf5 {is a better defense.} 49. Rc4 (49. Rxa6 Bg5 $11) 49... Rxf4 50. gxf4 Rxd5 51. Rxa6 Rxh5 52. Rxa5 Rd5 53. Rxe4 Bf6) 49. fxe3 $1 $18 ({Stronger than} 49. Rxa6 e2 $11) 49... Rxe3 50. Rf2 Bf6 51. c6 Rde7 $2 (51... Rd8 52. Rf3 (52. Rxc7+ Re7 $16) (52. Rxa6 Ke7 $14) 52... Re1 53. Rxc7+ Re7 54. Rxe7+ Kxe7) 52. d6 cxd6 53. Rxe7+ $2 (53. c7 $18 {is the precise move to win.}) 53... Rxe7 {[%mdl 4096] Endgame KRB-KRN} 54. Nd5 {And now c7 would win.} Re8 {Threatening ...Rc8.} 55. Nb6 (55. Rc2 $16) 55... Kg8 $1 $14 {[#] Threatens to win with ...Bd4.} 56. c7 (56. Rc2 $1 $16 {Hoping for c7.} Bd4 57. Nd5) 56... Bd4 $11 {The position is equal.} 57. Rc2 $1 Bxb6 58. c8=Q Rxc8 59. Rxc8+ {KR-KB} Kf7 60. Rc6 Bc5 $1 61. Rxa6 Bb4 62. Kf3 Kf6 63. g4 g6 64. hxg6 {Precision: White = 48%, Black = 50%.} 1/2-1/2

[Event "Dvorkovich Memorial Rapid 2018"]
[Site "Taganrog"]
[Date "2018.01.14"]
[Round "3.10"]
[White "Tunik, Gennady"]
[Black "Esipenko, Andrey"]
[Result "1/2-1/2"]
[WhiteElo "2378"]
[BlackElo "2571"]
[Annotator "TA"]
[PlyCount "41"]
[EventDate "2018.??.??"]
[EventType "swiss"]
[EventCountry "RUS"]
[SourceTitle "playchess.com"]
[Source "ChessBase"]
[SourceQuality "1"]

{[%evp 19,41,-2,8,-4,0,0,0,0,0,0,0,-17,0,0,0,0,12,8,19,18,27,22,34,9]} 1. d4 Nf6 2. c4 e6 3. Nf3 b6 4. g3 Bb7 5. Bg2 Be7 6. O-O O-O 7. Nc3 Ne4 8. Nxe4 Bxe4 9. Bf4 d6 10. Qd2 Nd7 {LiveBook: 32 Games} 11. b4 {E18: Queen's Indian: Old Main Line (4 g3 Bb7 5 Bg2 Be7 6 0-0 0-0 7 Nc3)} (11. Rfd1 h6 12. Rac1 a5 13. Ne1 Bxg2 14. Nxg2 Bg5 15. Bxg5 Qxg5 16. e4 Qxd2 17. Rxd2 Rfd8 18. Ne3 g6 19. Kg2 Kg7 {0-1 (58) Boensch,U (2561)-L'Ami,E (2605) Germany 2017}) 11... Qc8 12. Ne1 $146 ({Find the theoretical novelty and annotate with similar games:} 12. a4 a5 13. b5 Qb7 14. Rfd1 Rfe8 15. Bg5 Bxg5 16. Qxg5 f6 17. Qd2 Rad8 18. d5 e5 {0-1 (28) Hof,A-Peters,H Germany 1993}) 12... Bxg2 13. Nxg2 {The position is equal.} c5 14. dxc5 dxc5 15. b5 Rd8 16. Qc2 Qb7 17. Rad1 Nf6 18. f3 Rxd1 19. Rxd1 Rd8 20. Rxd8+ Bxd8 21. Qd1 1/2-1/2

[Event "Dvorkovich Memorial Rapid 2018"]
[Site "Taganrog"]
[Date "2018.01.13"]
[Round "3.11"]
[White "Demkovich, Anatoliy"]
[Black "Sarana, Alexey"]
[Result "0-1"]
[WhiteElo "2407"]
[BlackElo "2562"]
[Annotator "TA"]
[PlyCount "112"]
[EventDate "2018.??.??"]
[EventType "swiss"]
[EventCountry "RUS"]
[SourceTitle "playchess.com"]
[Source "ChessBase"]
[SourceQuality "1"]

{[%evp 10,112,25,18,41,26,23,12,25,4,4,9,6,8,12,18,9,0,5,2,10,10,10,0,8,0,10,0,16,7,10,10,10,12,15,6,12,8,19,0,0,0,0,0,0,0,0,0,0,0,0,0,0,0,0,0,0,0,0,0,0,0,0,0,0,-196,-192,-187,-186,-180,-157,-147,-122,-203,-226,-266,-254,-207,-122,-373,-363,-332,-324,-305,-270,-438,-458,-420,-402,-338,-322,-458,-411,-409,-394,-12832,-6395,-1348,0,-540,-469,-12841,-12841,-12842,-12843]} 1. Nf3 d5 2. b3 Nf6 3. Bb2 g6 4. c4 Bg7 (4... c6 5. g3 Bg7 6. Bg2 O-O 7. O-O a5 8. Nc3 Ne4 9. Na4 Bxb2 10. Nxb2 Na6 11. d3 Nf6 12. cxd5 Nxd5 13. Qd2 Bg4 14. Nc4 Bxf3 15. Bxf3 Nc5 16. d4 {½-½ (72) Anton Guijarro,D (2650)-Vidit,S (2689) Doha 2016}) 5. cxd5 O-O 6. e3 {LiveBook: 21 Games. A06: Réti Opening:1 Nf3 d5} b6 7. Be2 Bb7 8. O-O {White has an edge.} Nbd7 9. Qc2 Nxd5 10. Bxg7 Kxg7 11. Nc3 c5 12. Nxd5 Bxd5 13. d4 $146 Rc8 14. dxc5 Bxf3 15. Bxf3 {Black must now prevent Qc3+.} Nxc5 16. Rfd1 Qc7 17. Rac1 {[#] And now b4 would win.} a5 18. a3 {Strongly threatening b4.} Qb8 19. b4 axb4 20. axb4 Ne6 21. Qb2+ Kg8 22. Bd5 Rxc1 23. Rxc1 Qd6 24. Bxe6 Qxe6 $11 {[%mdl 4096] Endgame KQR-KQR} 25. Qd4 Rc8 26. Rxc8+ Qxc8 {KQ-KQ} 27. h4 (27. h3 {with more complications.} Qe6 28. b5 h5 29. Qd8+ Kg7 30. g3) 27... Qc1+ 28. Kh2 Qc7+ 29. g3 h5 30. Kg1 e6 31. Kf1 Kf8 32. Ke2 Ke7 33. Kd2 Qc6 34. Qc3 Qd5+ 35. Ke2 Kd6 36. Qd3 Kc6 37. e4 $2 {[#]} (37. Kd2 $1 $11 {and White stays safe.}) 37... Qb5 $19 38. Ke3 Qxb4 39. Qd8 Qc5+ 40. Kf3 Qd6 41. Qa8+ (41. Qc8+ $17 Qc7 42. Qa8+ Kd7 43. Qf8 Qc3+ 44. Kg2) 41... Kd7 42. Ke3 Qc5+ 43. Ke2 Ke7 (43... e5 $19 44. Qa7+ Ke6) 44. Qa7+ $2 {[%mdl 8192]} (44. f4 $17 {is the only way for White.}) 44... Kf6 45. Qa1+ Qe5 46. Qb1 Qd4 47. f4 $2 (47. Ke1) 47... Ke7 48. Kf3 Qc3+ 49. Kg2 Qc5 50. Kf3 (50. Qa1 $142) 50... b5 {[%cal Bb6b5,Bb5b4][%mdl 32]} 51. Qa1 b4 52. Qa6 $2 (52. Ke2 Qc2+ 53. Ke3) 52... Qc3+ 53. Ke2 Qxg3 $2 (53... b3 $19 54. Qd3 Qb4) 54. Qb7+ $2 {[%mdl 8192]} (54. Qa7+ $1 $11 Kf8 55. Qb8+ Kg7 56. Qe5+ Kh7 57. Qc7) 54... Kf6 {Black is clearly winning.} 55. e5+ (55. Qb8 $142 Qg4+ 56. Kd2) 55... Kg7 56. Qxb4 Qxh4 {Precision: White = 37%, Black = 78%.} 0-1

[Event "Dvorkovich Memorial Rapid 2018"]
[Site "Taganrog"]
[Date "2018.01.14"]
[Round "3.12"]
[White "Kabanov, Nikolai"]
[Black "Zakaryan, David"]
[Result "1/2-1/2"]
[WhiteElo "2478"]
[BlackElo "2420"]
[Annotator "TA"]
[PlyCount "43"]
[EventDate "2018.??.??"]
[EventType "swiss"]
[EventCountry "RUS"]
[SourceTitle "playchess.com"]
[Source "ChessBase"]
[SourceQuality "1"]

{[%evp 26,43,16,15,18,0,0,0,0,0,0,-6,0,0,0,0,25,2,0,0]} 1. e4 e5 2. Nf3 Nc6 3. Nc3 Nf6 4. d4 exd4 5. Nxd4 Bb4 6. Nxc6 bxc6 7. Bd3 d5 8. exd5 cxd5 9. O-O O-O 10. h3 {C47: Scotch Four Knights and Four Knights with 4 g3} (10. Bg5 c6 11. Na4 h6 12. Bh4 Re8 13. c4 dxc4 14. Bxc4 Qxd1 15. Rfxd1 g5 16. Bg3 Ne4 17. a3 Bf8 18. Rac1 Nxg3 19. hxg3 Rb8 20. b4 Bf5 21. Bd3 Bxd3 22. Rxd3 {½-½ (36) Artemiev,V (2691)-Carlsen,M (2837) Riadh 2017}) 10... h6 11. Qf3 c6 12. Bf4 Bd6 13. Rfe1 Be6 14. Ne2 {[%cal Bc3e2,Be2g3,Bg3f5][%mdl 32] LiveBook: 3 Games} c5 {[%cal Bc6c5,Bc5c4][%mdl 32]} 15. Ng3 Bxf4 16. Qxf4 Qb8 17. Qc1 $146 ({Predecessor:} 17. Qxb8 Rfxb8 18. b3 Rb6 19. Rac1 a5 20. c4 {½-½ (32) Arztmann,W (2172)-Kessler,L (2249) Austria 2014}) 17... Re8 18. b3 c4 19. Bf5 Bxf5 20. Nxf5 Rxe1+ 21. Qxe1 Qf4 22. Ng3 1/2-1/2

[Event "Dvorkovich Memorial Rapid 2018"]
[Site "Taganrog"]
[Date "2018.01.14"]
[Round "3.15"]
[White "Potapov, Pavel"]
[Black "Sukhareva, Evgeniya"]
[Result "1-0"]
[WhiteElo "2479"]
[BlackElo "2238"]
[Annotator "TA"]
[PlyCount "37"]
[EventDate "2018.??.??"]
[EventType "swiss"]
[EventCountry "RUS"]
[SourceTitle "playchess.com"]
[Source "ChessBase"]
[SourceQuality "1"]

{[%evp 12,37,16,-10,-8,-4,-2,-7,0,0,0,-8,13,14,36,35,39,42,88,75,90,62,46,38,349,326,29998,29999]} 1. e4 e5 2. Nf3 Nc6 3. Bb5 Nge7 4. O-O a6 5. Ba4 g6 6. d3 Bg7 7. Nc3 {LiveBook: 6 Partien} O-O {C70: Spanische Partie (Abweichung im 4. Zug)} (7... b5 8. Bb3 Na5 9. Be3 d6 10. d4 b4 11. Nd5 Nxb3 12. cxb3 Nxd5 13. exd5 e4 14. Ng5 O-O 15. Qc2 {½-½ (35) Carlier,B (2434)-Lammens,T (2311) Netherlands 2013}) 8. Bb3 d6 9. Be3 Na5 {Die Stellung ist ausgeglichen.} 10. d4 Nxb3 $146 ({Vorgänger:} 10... Bg4 11. dxe5 Bxe5 12. Bg5 Nxb3 13. axb3 f6 {½-½ (13) Karlsson,P (2099)-Avellan,G (2079) LSS email 2011}) 11. axb3 exd4 12. Bxd4 Nc6 13. Bxg7 Kxg7 14. Nd4 $36 {[%mdl 2048] Weiss hat Initiative.} Ne7 15. Qd2 Bd7 16. Rfe1 Nc6 17. Nd5 Ne7 $2 {[%mdl 8192] [#]} (17... Re8 $14) 18. Qc3 $1 $18 {Weiss will mit Sf5+ Matt setzen.} Nxd5 $2 (18... Kh6 $18 19. Nxe7 (19. Qxc7 Qxc7 20. Nxc7 Rac8 $16) 19... Qxe7 20. Qxc7 Rab8) 19. Nf5+ ({Schwächer ist} 19. exd5 Kg8 $14) 1-0

[Event "Dvorkovich Memorial Rapid 2018"]
[Site "Taganrog"]
[Date "2018.01.13"]
[Round "3.16"]
[White "Kiselev, Vitaliy"]
[Black "Oganian, Roman"]
[Result "1-0"]
[WhiteElo "2516"]
[BlackElo "2215"]
[Annotator "TA"]
[PlyCount "111"]
[EventDate "2018.??.??"]
[EventType "swiss"]
[EventCountry "RUS"]
[SourceTitle "playchess.com"]
[Source "ChessBase"]
[SourceQuality "1"]

{[%evp 18,111,54,18,29,27,44,27,39,37,52,25,64,22,95,42,29,20,39,23,51,30,29,0,0,0,71,51,128,135,147,154,130,115,103,111,416,393,371,396,394,363,359,317,395,414,464,479,477,482,473,382,382,379,376,351,357,341,370,350,470,450,529,507,502,518,574,545,537,437,635,599,572,584,624,622,601,570,576,569,662,652,676,702,713,708,778,683,647,637,852,841,1597,1002,1626,664]} 1. d4 {[%cal Bd2d4,Bd4d5][%mdl 32]} Nf6 2. c4 c5 3. d5 b5 4. Qc2 bxc4 5. e4 d6 6. Bxc4 g6 7. Nf3 Bg7 8. O-O Nbd7 9. h3 O-O 10. Na3 {LiveBook: 5 Games. A57: Benko/Volga Gambit} (10. Nc3 Nb6 11. Be2 Ne8 12. Bf4 Nc7 13. Rad1 f5 14. e5 Bb7 15. exd6 exd6 16. Nb5 Nxb5 17. Bxb5 h6 18. h4 {0-1 (65) Berczes,D (2492)-Rambaldi,F (2557) Dallas 2015}) 10... Rb8 11. Re1 $146 ({Find the theoretical novelty and annotate with similar games:} 11. Bd2 Nh5 12. Bc3 f5 13. Bxg7 Nxg7 14. exf5 Rxf5 15. Rfe1 Rxf3 16. gxf3 {½-½ (77) Altini,N (2347)-Genocchio,D (2413) Civitanova Marche 2013}) 11... Ne8 {[%cal Bf6e8,Be8c7,Bc7a6,Ba6b4][%mdl 32]} 12. Rb1 {White is slightly better.} Nc7 13. Bg5 h6 14. Bf4 Na6 15. Qd2 Kh7 (15... g5 $11 16. Bh2 Nb4) 16. e5 (16. Nb5 $16) 16... Nb6 $1 $14 17. Rbd1 Nb4 18. b3 a6 19. Bg3 $36 {[%mdl 2048] Black is under pressure.} Bb7 20. exd6 exd6 21. Qf4 Nc8 (21... Rc8 $11) 22. Re2 $16 Ba8 (22... Qa5 $14 23. Qc1 Kg8) 23. Nb1 $1 Re8 24. Red2 f5 25. Bh4 Qd7 {[#]} 26. a3 $1 {[%cal Ba2a3,Ba3b4,Bb4c5,Bc5c6][%mdl 32]} g5 $2 {[%mdl 8192]} (26... a5 $16) 27. Bxg5 $18 hxg5 28. Nxg5+ Kg6 29. axb4 Be5 30. Qh4 {f4 is the strong threat.} Rh8 {[#]} 31. Ne6 $1 Kf7 ({Of course not} 31... Bh2+ 32. Kxh2 Rxh4 33. Nf8+ Kf7 34. Nxd7 $18) 32. Qg5 Ne7 33. bxc5 Rbg8 34. c6 Qa7 35. Qe3 Qxe3 36. fxe3 Rxh3 37. Kf2 Rhg3 38. Rg1 R3g6 39. Nf4 {White is clearly winning.} Rg4 40. g3 Rh8 41. Ra2 Ng6 42. Nxg6 Kxg6 43. Rg2 Rh1 (43... Bxg3+ $142 44. Kf1 Re8 45. Bxa6 Rxe3) 44. Nd2 Bc3 45. Nf1 a5 46. Rh2 Rxh2+ 47. Nxh2 Re4 48. Nf3 Re8 49. Nd4 Rh8 {And now ...Rh2+ would win.} 50. Kf3 Kf6 51. Rc2 Be1 52. Re2 Bb4 53. Rf2 Ke5 54. Ke2 Rh5 55. Kd3 Rg5 56. Nf3+ {Precision: White = 70%, Black = 31%.} 1-0